International relations / (Record no. 1989)
[ view plain ]
| 000 -LEADER | |
|---|---|
| fixed length control field | 02451nac a22002171u 4500 |
| 010 ## - LIBRARY OF CONGRESS CONTROL NUMBER | |
| LC control number | 2002014154 |
| 020 ## - INTERNATIONAL STANDARD BOOK NUMBER | |
| International Standard Book Number | 0745629598 (hb : alk. paper) |
| 020 ## - INTERNATIONAL STANDARD BOOK NUMBER | |
| International Standard Book Number | 0745629601 (pb : alk. paper) |
| 082 00 - DEWEY DECIMAL CLASSIFICATION NUMBER | |
| Classification number | 327 |
| Item number | L444 |
| 090 ## - LOCALLY ASSIGNED LC-TYPE CALL NUMBER (OCLC); LOCAL CALL NUMBER (OCLC) | |
| -- | 1989 |
| -- | 1989 |
| 100 ## - MAIN ENTRY--PERSONAL NAME | |
| Personal name | Lawson, Stephanie. |
| 245 10 - TITLE STATEMENT | |
| Title | International relations / |
| Statement of responsibility, etc | Stephanie Lawson. |
| 260 ## - PUBLICATION, DISTRIBUTION, ETC. (IMPRINT) | |
| Place of publication, distribution, etc | Cambridge, UK ; |
| -- | Malden, MA, USA |
| Name of publisher, distributor, etc | Polity, 2003 |
| Date of publication, distribution, etc | 2003 |
| 300 ## - PHYSICAL DESCRIPTION | |
| Extent | viii, 160 p. ; |
| Dimensions | 24 cm. |
| 440 #0 - | |
| -- | Short introductions |
| 504 ## - BIBLIOGRAPHY, ETC. NOTE | |
| Bibliography, etc | Includes bibliographical references (p. [141]-149) and index. |
| 505 0# - FORMATTED CONTENTS NOTE | |
| Formatted contents note | Eras in world politics -- The domain of international relations -- Approaches to the study of international relations -- Defining the international -- Mapping the international -- Internationalizing the state system -- Globalizing the international -- Defining the state -- States and empires in the pre-modern world -- Political community and human nature -- The rise of modernity -- The sovereign state and state system -- The modern colonial empires -- Nationalism and the nation-state -- The first conflagration -- The liberal search for peace and security -- From 'peace in our time' to the return of total war -- Realism : telling it how it is -- Neoliberalism, Neorealism and Marxism -- The changing structure of world politics, 1945-1989 -- The end of the Cold War -- Methodology and scientific IR -- From the end of history to a new world order -- The clash of civilizations -- Ethnicity and the deadly politics of identity -- Culture and IR -- Culture and normative theory -- Realist perspectives on security -- The liberal security order -- Alternative approaches to security and insecurity -- The human security paradigm -- Humanitarian intervention -- Terrorism -- The idea of international society -- Global governance and the United Nations -- Global economic governance and the liberal order -- Global civil society and social movements -- Regionalization and world order -- A fragmenting world order? -- The postcolonial order -- The concept of globalization -- A brief history of globalization -- Globalization versus the state -- Culture and globalization -- Globalization, the state and normative theory -- Rethinking political community. |
| 650 #0 - SUBJECT ADDED ENTRY--TOPICAL TERM | |
| Topical term or geographic name as entry element | International relations. |
| 942 ## - ADDED ENTRY ELEMENTS (KOHA) | |
| Item type | Book - Borrowing |
| Call number prefix | 327 |
| Withdrawn status | Item status | Damaged status | Not for loan | Home library | Current library | Shelving location | Date acquired | Source of acquisition | Total Checkouts | Total Renewals | Full call number | Barcode | Date last seen | Date last borrowed | Cost, replacement price | Koha item type |
|---|---|---|---|---|---|---|---|---|---|---|---|---|---|---|---|---|
| Central Library | Central Library | First floor | 07/02/2006 | Purchase | 19 | 62 | 327 LAW | 000002396 | 15/07/2025 | 25/11/2019 | 175.35 | Book - Borrowing |